[Event "Miskolc m"]
[Site "Miskolc"]
[Date "2007.04.26"]
[Round "3"]
[White "Kramnik, Vladimir"]
[Black "Leko, Peter"]
[Result "1-0"]
[WhiteElo "2772"]
[BlackElo "2738"]
[Annotator "Berkes/Meszaros"]
[PlyCount "97"]
[EventDate "2007.04.25"]
[EventType "match (rapid)"]
[EventRounds "8"]
[EventCountry "HUN"]
[SourceTitle "CBM 118"]
[Source "ChessBase"]
[SourceDate "2007.05.31"]
[SourceVersion "1"]
[SourceVersionDate "2007.05.31"]
[SourceQuality "1"]

1. d4 Nf6 2. c4 e6 3. Nf3 b6 4. g3 Ba6 5. b3 Bb4+ 6. Bd2 Be7 7. Bg2 c6 8. Bc3
d5 9. Ne5 Nfd7 10. Nxd7 Nxd7 11. Nd2 O-O 12. O-O Rc8 13. e4 c5 14. exd5 exd5
15. dxc5 dxc4 16. c6 cxb3 17. Re1 b2 18. Bxb2 Nc5 19. Nc4 Bxc4 20. Qg4 {
The main line of the Queen's Indian Defence. It is curious that this opening,
which has occurred in many top level games, was also seen last year in the
Leko-Karpov match in Miskolc. However, at that time Peter played with white.}
Bg5 {In the afore-mentioned game Karpov played 20... Bf6 and found himself in
a worse position.} 21. Qxc4 Nd3 22. Be5 Nxe1 (22... Nxe5 $2 23. Rxe5 Bf6 24.
Rd5 Bxa1 25. Rxd8 Rfxd8 26. Bh3 Rc7 27. Bd7 $16 {/\ Qd5-d6}) 23. Rxe1 Bf6 24.
Bxf6 Qxf6 25. c7 Qd6 26. Rc1 b5 27. Qc2 b4 28. Bb7 g6 29. h4 $1 {A very strong
move that forces Black to make an important and awkward decision. If he
himself plays h5, then the evolving pawn structure is most likely a losing
weakness in a pawn endgame, and moreover he is weakening his king. If he
doesn't play h5 then he has to face a Kg2; h4-h5-h6 plan, whereafter White
would have a strong tactical pawn on h6.} Rfe8 $2 {The losing move. At the
press conference after the games Peter was not able to give an explanation to
this blunder. We would not even try to do so.} (29... h5 30. Kf1 $1 {happened
i n an Ivanchuk-Aronian (Monte Carlo, 2007) game. With this fine move White
puts his king closer to the center and prepares a favourable simplification.})
30. Qa4 $1 Qd2 31. Qc6 a5 32. Bxc8 $2 {White is impatient. He would have
needed his bishop for a few more moves to defend against the threatening
checks on the long diagonal.} (32. Rc2 Qe1+ 33. Kg2 Qe6 34. Qb5 $1 {and there
is no Qe4+. White would have won easily.}) 32... Rxc8 33. Rc2 Qd3 $2 {This
move pays back the loan.} (33... Qe1+ 34. Kg2 Qe6 $1 35. Qb7 Qd7 {and because
of the constantly threatening perpetual check White's task of intensifing his
advantage to a decisive one is not so easy at all.}) 34. Kg2 {Black's position
is beyond recovery. From now on Kramnik doesn't give his opponent any more
chances.} Kg7 35. Rc5 a4 36. Qxa4 (36. Qb7 Qd7 37. Qxb4 Rxc7 38. Qc3+ $18)
36... Qe4+ 37. Kh2 Qd4 38. Qc2 (38. Rc2 $2 Rxc7 39. Rxc7 Qxf2+ 40. Kh3 Qf1+ $11
) 38... h5 39. Kg2 Qd6 40. Qb2+ $1 f6 (40... Kh7 41. Qxb4 Rxc7 42. Rxh5+ gxh5
43. Qxd6 $18) (40... Kg8 41. Qxb4 Rxc7 42. Qb8+ Kg7 43. Qxc7 $18) 41. Qc2 Kf7
42. Qc4+ Kg7 43. Rc6 Qd7 44. Qc5 Kf7 45. Kh2 Kg7 46. Qb6 Qf5 47. Qd4 Kf7 48.
Rxf6+ $1 Qxf6 49. Qd7+ 1-0

[Event "Miskolc m"]
[Site "Miskolc"]
[Date "2007.04.26"]
[Round "4"]
[White "Leko, Peter"]
[Black "Kramnik, Vladimir"]
[Result "1/2-1/2"]
[WhiteElo "2738"]
[BlackElo "2772"]
[Annotator "Berkes/Meszaros"]
[PlyCount "103"]
[EventDate "2007.04.25"]
[EventType "match (rapid)"]
[EventRounds "8"]
[EventCountry "HUN"]
[SourceTitle "CBM 118"]
[Source "ChessBase"]
[SourceDate "2007.05.31"]
[SourceVersion "1"]
[SourceVersionDate "2007.05.31"]
[SourceQuality "1"]

{At the beginning of the fourth game Kramnik sat down with a strikingly
pleased expression on his face, while at the same time Peter appeared to be
very tense. GM Berkes discribed it as a bad omen, and was within a hair of
being right. But let us not move too far ahead...} 1. e4 e5 2. Nf3 Nc6 3. Bb5
a6 4. Ba4 Nf6 5. O-O Be7 6. Re1 b5 7. Bb3 O-O 8. h3 Bb7 9. d3 d6 10. a3 Na5 11.
Ba2 c5 12. Nbd2 Nc6 13. Nf1 Bc8 14. c3 Be6 15. Bxe6 fxe6 16. b4 Qd7 17. Ng3
Rfb8 {Interesting move. Black "scares" White with the possibility of a sweep
on the queenside.} 18. d4 {Peter decides to play in the centre.} (18. Be3 cxb4
$1 19. axb4 a5 20. bxa5 Rxa5 21. Rxa5 Nxa5 22. Qd2 Nc6 $11) 18... exd4 19. cxd4
cxd4 (19... c4 {would have been an interesting idea. The open question is: Who
arrives first? (GM Berkes thinks it would be White...)}) 20. Nxd4 Nxd4 21. Qxd4
Rc8 ({Of course Kramnik does not step into the pitfall.} 21... Nd5 $2 22. exd5
Bf6 23. dxe6 Bxd4 24. exd7 Bxa1 25. Bg5 Bf6 26. Bxf6 gxf6 27. Nf5 Rd8 28. Re7
$18) 22. Bb2 Rc2 $1 {A draw would satisfy Kramnik.} (22... Rc4 23. Qd3 Rac8 24.
Re2 Qc6 25. Rae1 {+/=}) 23. Rad1 {Peter is keen to win. He wouldn't like to
start the second half of the match at a disadvantage. However, needless to say,
the exaggerated amition can be disasterous.} (23. Rac1 Rac8 (23... e5 $2 24.
Qd3 Rxb2 25. Qc3 Ra2 26. Qb3+ $18) 24. Rxc2 Rxc2 25. Rc1 Qc6 26. Rxc2 Qxc2 $11)
23... Qa7 $1 24. e5 dxe5 25. Qxa7 Rxa7 26. Bxe5 Rd7 27. Rxd7 $6 (27. Bxf6 $1
Rxd1 28. Rxd1 gxf6 29. Rd7 Kf8 30. Ra7 Rc6 31. Nh5 {and White's position is
more comfortable. In spite of the fact that it's not clear how to break down
the barricades of Black, he can only wait for it passively.}) 27... Nxd7 28.
Bd4 Kf7 29. Rd1 Nf6 30. Be5 Ra2 31. Rd3 a5 $5 32. bxa5 Bxa3 33. Rb3 $2 {
We started to worry for Peter after this mistake. He would have to destroy the
f6 knight which controls e4, because now Black suddenly gets alife-threatening
attack.} (33. Bxf6 $1 gxf6 34. Rb3 Bc5 35. Ne4 Bd4 36. Rxb5 Re2 (36... f5 37.
Ng5+) 37. Nc5 Re1+ 38. Kh2 Bxf2 39. g4 $11) 33... Bc5 34. Rxb5 Bxf2+ 35. Kh2
Be1 $1 {In order not to lose his a5 pawn, white has to put his pieces to
passive, defensive position.} 36. Rb7+ (36. Bc7 Nd5 37. Rb7 Kf6 38. Ne4+ Kg6
39. Ra7 h5 $1 $17 {/\ h4, Re2}) 36... Kg6 37. Bxf6 gxf6 38. Rb6 Bxa5 $2 {
Kramnik's strategy apparently worked because Peter over-stretched the string.
But instead of restoring the material balance, Black would have been able to
win the game.} (38... Bc3 $1 39. Rxe6 (39. Ne4 Be5+ 40. Kg1 Bd4+ 41. Kh2 Bxb6
42. axb6 Rb2 $19) 39... Be5 40. a6 h5 41. h4 Ra3 $19) 39. Rxe6 Bc7 40. Re3 Ra4
41. Rf3 h5 42. Kg1 {High precaution is needed even in positions with low
material.} ({For example:} 42. Kh1 $2 h4 43. Nf1 Ra1 44. Kg1 Bg3 45. Rb3 f5 46.
Rf3 Kf6 47. Kh1 Ke5 48. Kg1 Ke4 49. Kh1 Be5 $1 50. Re3+ Kd5 51. Rd3+ Bd4 52.
Rf3 Ke4 53. Kh2 Rd1 (53... f4 $2 54. Nd2+ $11) 54. Kh1 f4 55. Kh2 Be3 56. Kh1
Kd3 57. Kh2 Ke2 58. Nxe3 fxe3 $19) 42... Bb6+ 43. Kh2 h4 44. Nf5 Bc7+ 45. g3
hxg3+ 46. Nxg3 f5 47. Kg2 f4 48. Nf1 Kf5 49. Ne3+ Ke4 50. Ng4 Ra2+ 51. Nf2+ Kf5
52. Rb3 1/2-1/2

[Event "Miskolc m"]
[Site "Miskolc"]
[Date "2007.04.29"]
[Round "8"]
[White "Leko, Peter"]
[Black "Kramnik, Vladimir"]
[Result "1/2-1/2"]
[WhiteElo "2738"]
[BlackElo "2772"]
[Annotator "Berkes/Meszaros"]
[PlyCount "59"]
[EventDate "2007.04.25"]
[EventType "match (rapid)"]
[EventRounds "8"]
[EventCountry "HUN"]
[SourceTitle "CBM 118"]
[Source "ChessBase"]
[SourceDate "2007.05.31"]
[SourceVersion "1"]
[SourceVersionDate "2007.05.31"]
[SourceQuality "1"]

1. e4 e5 2. Nf3 Nc6 3. Bb5 a6 4. Ba4 Nf6 5. d3 b5 6. Bb3 Bc5 7. O-O d6 8. c3 h6
9. a4 Rb8 10. d4 Bb6 11. Na3 {Peter condemned this move after the game.} O-O
12. axb5 axb5 13. Nxb5 {Peter, as he later admitted, bluffed. He was obliged
to do so because he wanted to equalize the score in the match.} Bg4 14. Be3 $6
({White might to close the position by all means, because he is behind in
development. We think the logical continuation would be} 14. d5 {Now most
likely} Ne7 15. Bc2 Ng6 (15... Nxe4 $6 16. Bxe4 f5 17. Bb1 e4 18. h3 Bh5 19. g4
$1) (15... Nexd5 $5 16. exd5 e4 17. h3 Bh5 18. g4 exf3 19. gxh5 Qd7 20. Qxf3
Qxb5 21. Bxh6 Qxd5 22. Qxd5 Nxd5 23. Bd2 $16) 16. h3 Bd7 17. c4 {can happen
and in spite of the feeling that Black has enough compensation we cannot find
any satisfying follow-up. For example:} Nh5 ({or} 17... Bxb5 18. cxb5 Qd7 19.
Qe2 {+/=}) 18. Nxe5 Nxe5 19. Qxh5 Nxc4 20. Nc3 {+/=}) 14... d5 $1 {Typical
blow in the center which lands White in difficulty at once.} 15. exd5 Nxd5 16.
h3 (16. Qd3 Bxf3 17. gxf3 Nce7 $1 18. Kh1 c6 19. Na3 exd4 20. cxd4 Ng6 $17)
16... Bh5 17. g4 $6 {Although White gets rid of the pin, he breaches the
position of his own king.} Bg6 18. Na3 exd4 19. cxd4 Be4 $6 {Kramnik's play is
comfortable, actually he can do whatever he wants. Don't forget that drawing
this game would mean the win of the match for him.} (19... Qd6 $1 20. Kg2 (20.
Nc4 $2 Nxe3 $1 21. fxe3 Qg3+) 20... Nf4+ 21. Bxf4 Qxf4 $17 {/\ Rfd8, Be4}) 20.
Bc2 Bxf3 21. Qxf3 Nxd4 22. Bxd4 Bxd4 23. Rad1 c5 24. Nb5 (24. Nc4 {=/+}) 24...
Rxb5 $1 {This move is in a class by itself. In the commentator-room we crossed
our fingers for the exchange sacrifice not to be discovered. But Kramnik is
uninterceptable.} 25. Qd3 g6 26. Qxb5 Nf4 27. Qc6 Nxh3+ 28. Kg2 Nf4+ 29. Kf3
Ne6 (29... Qg5 $1 30. Bb3 h5 31. Rg1 Ne6 $19) 30. Kg2 {Here Peter offered a
draw. After the game (and the match) Kramnik told us that he felt like he was
winning, but he didn't see any tangible line. Peter's offer ensured the win of
the match for him and he was not able to resist accepting it.} 1/2-1/2

[Event "Yerevan m"]
[Site "Yerevan"]
[Date "2007.05.04"]
[Round "1"]
[White "Kramnik, Vladimir"]
[Black "Aronian, Levon"]
[Result "1-0"]
[WhiteElo "2772"]
[BlackElo "2759"]
[Annotator "Marin,M"]
[PlyCount "89"]
[EventDate "2007.05.04"]
[EventType "match (rapid)"]
[EventRounds "6"]
[EventCountry "ARM"]
[SourceTitle "CBM 118"]
[Source "ChessBase"]
[SourceDate "2007.05.31"]
[SourceVersion "1"]
[SourceVersionDate "2007.05.31"]
[SourceQuality "1"]

1. e4 e5 2. Nf3 Nc6 3. Bb5 a6 4. Ba4 Nf6 5. O-O Be7 6. Re1 b5 7. Bb3 O-O 8. c3
{At top level, the Marshall Attack is mainly allowed in games between Marshall
specialists. Although, one could also say that quite many of the top players
have this sharp line in their repertoire, which makes the previous statement
relatively irelevant. From the specator'spoint of view, it is refreshing to
see that there is more after 7...0-0 than just the dull Anti-Marshall systems..
.} d5 9. exd5 Nxd5 10. Nxe5 Nxe5 11. Rxe5 c6 12. d4 Bd6 13. Re1 Qh4 14. g3 Qh3
15. Be3 {This is the old main line, which was considered to offer White an
advantage before the real boom of the Marshall Attack.} ({The reader probably
remembers Kramnik's previous experience as White against the Marshall Attack.
Tragicomically, he blindly followed the computer's suggestion, reaching a...
lost position.} 15. Re4 g5 16. Qf1 $5 Qh5 17. Nd2 Bf5 18. f3 Nf6 19. Re1 Rae8
20. Rxe8 Rxe8 21. a4 $5 Qg6 $1 22. axb5 Bd3 23. Qf2 $2 (23. Qd1 $8 Be2 24. Qe1
Bd3 25. Qd1 $11) 23... Re2 24. Qxe2 Bxe2 25. bxa6 {This is the position
Kramnik had been aiming for. The computer needs several minutes before
switching from a cathegoric "+-" to a more realistic "-+", but Leko managed to
find the winning attacking moves starting with} Qd3 $3 {despite his relative
time trouble, Kramnik,V (2770)-Leko,P (2741)/Brissago 2004/CBM 103/[Knaak] 
(0-1, 32).}) 15... Bg4 16. Qd3 Rae8 17. Nd2 Re6 18. Qf1 $5 {This move has
never been too popular, but over the past decades it has been even more rarely
played than before.} ({Kramnik had some nice recent memories against} 18. a4
Qh5 19. axb5 axb5 20. Qf1 Bh3 21. Bd1 Qf5 22. Qe2 c5 23. Nf3 Bf4 24. Bc2 ({
Improving over} 24. Qd2 {, played just days earlier:} Nxe3 25. fxe3 Bh6 26. Qf2
Rfe8 27. Ne5 Qxf2+ 28. Kxf2 f6 29. Bg4 Rxe5 30. Bxh3 Bxe3+ 31. Kf3 cxd4 32.
Rad1 dxc3 33. bxc3 Bb6 34. Rxe5 Rxe5 35. Rd5 Re3+ 36. Kg2 Rxc3 37. Rxb5 Rc2+
38. Kh1 Bc7 {and White found it quite difficult to hold this ending, Leko,P 
(2749)-Kramnik,V (2766)/Monte Carlo 2007/TWIC 646 (0-1, 54)}) 24... Qg4 25. Qd3
g6 26. Ne5 Bxe5 27. dxe5 Qf3 28. Qe4 Qxe4 29. Bxe4 Nxe3 30. Rxe3 Rxe5 {Svidler,
P (2728)-Kramnik,V (2766)/Monte Carlo 2007/TWIC 647 (1/2-1/2, 37). and Black
is not worse.}) 18... Qh5 19. f3 {This surprising move is almost a novelty.} ({
Here are two of the very few relevant games that reached this position over
the past decade:} 19. a4 f5 (19... bxa4 20. Bxd5 cxd5 21. Rxa4 f5 22. f4 $2 (
22. Rxa6 $5) 22... Qe8 $1 $17 {[%csl Ya4,Ye3] Alqudaimi,B (2237)-Kuzmin,A 
(2568)/Doha 2002/CBM 087 ext (0-1, 30)}) 20. f4 bxa4 21. Bxd5 cxd5 22. Qg2 Rfe8
23. Qxd5 Qf7 24. Nc4 $1 (24. Nf1 g5 $40 {Berelovich,A (2468)-Van den Doel,E 
(2528)/Hoogeveen 1999/EXT 2000 (1/2-1/2, 43)}) 24... Bxf4 $5 25. gxf4 Be2 $3 {
[%csl Gd5][%cal Ye6g6]} 26. Kh1 $1 (26. Kf2 Bxc4 27. Qxc4 Qh5 $132) 26... Bxc4
27. Qxc4 Rxe3 28. Qxf7+ Kxf7 29. Rxe3 Rxe3 30. Rxa4 $16) 19... Nxe3 $146 ({
The game where 19.f3 was tried for the first time continued} 19... Rf6 20. Bd1
Re8 21. Bf4 Rxe1 22. Qxe1 Re6 23. Be5 Bxe5 $6 (23... Bf5 $5) 24. dxe5 Bf5 25.
f4 {White has managed to consolidate his position and is a clear pawn up.} Qg6
26. Qf2 f6 27. c4 $1 bxc4 28. Nxc4 Bd3 29. Bb3 $16 {Segovia Becker,M-Henao,L/
IECG email 1995/E-Mail 2000 (1-0, 37)}) (19... Rxe3 $5) (19... Bf5 $5) 20. Qf2
Nd5 21. fxg4 Qxg4 {Abstractly speaking, this is the way to fight against the
Marshall Attack: return the pawn for the sake of completing the development.
Apart from the small material advantage, White has another important
achievement (something that might be currently underestimated), namely the
advantage of space in the centre. The pawn structure after the recent
modifications resembles that arising from a line of... the King's Gambit (1.e4
e5 2.f4 exf4 3.Nf3 d5 4.exd5 Nf6 5.Nc3 Nxd5 6.Nxd5 Qxd5 7.d4, if Black allows
Bxf4). More concretely, Black still seems to maintain the better development
and White needs some acurate moves to neutralise it.} 22. Qf3 $5 {The black
queen was optimally placed on g4 and Black has to take an important decision
now.} Qg5 $6 {Black allows his pawn structure to be spoilt, without getting
sufficient dynamic compensation. This is hardly advisable when facing a player
with such good technique as Kramnik.} (22... Qxf3 23. Nxf3 Rfe8 {, maintaining
the control of the e-file, was an important alternative. However, after} 24.
Rxe6 Rxe6 {White would play the thematic} 25. a4 $1 {, facing Black with
micro-problems.} b4 $1 (25... h6 $2 26. axb5 axb5 27. Ra8+ Kh7 28. Rc8 $16) (
25... Re2 $2 26. axb5 axb5 27. Ra8+ Bf8 28. Ne5 $18) 26. c4 (26. cxb4 Rf6 $1 {
Unpinning the knight.} 27. Ne5 Nxb4 $11) 26... Re3 27. cxd5 Rxf3 (27... Rxb3
28. Nd2 Rd3 {The only square to avoid a fork.} 29. Nc4 $16) 28. Bc4 (28. Bd1
Rd3 29. dxc6 Rxd4 30. Bb3 Kf8 31. Rc1 Bc7 $11 {and the c-pawn is easier to
maintain blocked than the a-pawn in the main line.}) 28... cxd5 29. Kg2 Re3 30.
Bxa6 $14 {The a-pawn might become dangerous soon.}) ({To me, the safest
continuation seems to be} 22... Qg6 {, protecting the e6-square, for instance}
23. Rxe6 (23. Bxd5 cxd5 24. Qxd5 {does not work because of} Bxg3 25. Rxe6 $8
fxe6 $1 {with strong initiative.}) 23... Qxe6 24. Qe4 Re8 $1 25. Re1 Qxe4 26.
Nxe4 Kf8 {and Black should be entitled to hope for a draw in this just
symbolically worse position.}) 23. Rxe6 fxe6 24. Ne4 $1 {Installing the knight
on this superb square is White's highest priority, higher than removing the
queen from the attacked square...} Qg6 (24... Rxf3 $2 25. Nxg5 $16 {[%csl Ge6]}
Re3 $2 (25... Rf6 $2 26. Ne4 $18) 26. Kf2 $18) 25. Qe2 $14 {White's better
structure offers him a stable advantage. Aronian's attempts to build up an
attack will fail in a spectacular way.} Nf4 $6 (25... Be7 26. Re1 $14) (25...
Bf4 $5) 26. Qc2 Nh3+ $6 27. Kg2 $16 {Now, Black's pieces are exposed and
poorly coordinated.} Qg4 (27... Rf2+ $2 {does not work because the c2-queen is
defended, which allows the simple} 28. Nxf2 $18) 28. Bxe6+ $1 {And this is the
best way to take advantage of it!} (28. Nxd6 {was playable but less clear:}
Nf4+ 29. Kf2 $8 (29. Kg1 $2 Ne2+ $19) (29. Kf1 $2 Qf3+ $19) 29... Ne2+ 30. Nf5
$5 (30. Ke1 Nxg3 $1 $40) 30... Rxf5+ 31. Ke1 Nf4 $5 (31... Nxg3 $2 32. Bxe6+ $1
$16) 32. Qe4 {and White seems to repell the attack, but why not simplify to a
winning ending?...}) 28... Qxe6 29. Qb3 $1 {The point. Both minor pieces are
under attack and White will emerge from the complications with an extra-pawn.}
Nf4+ 30. gxf4 Qxb3 31. axb3 {Finally, the white rook is developed.} Bxf4 32.
Rxa6 $18 Rc8 (32... Re8 33. Rxc6 Bxh2 (33... Rxe4 34. Kf3 $18) 34. Kf3 $18 {
[%cal Yd4d5,Yc3c4]}) 33. Nc5 Kf7 34. Nd3 g5 35. Nxf4 gxf4 36. Kf3 Ke6 37. Kxf4
Kd6 38. c4 Rf8+ 39. Ke3 Kc7 40. Ra7+ Kb6 41. Rxh7 Rf1 42. Rh6 Kb7 43. Rh5 Rb1
44. Kd3 bxc4+ 45. Kc2 $1 {This type of intermediate move was overlooked by
Boleslavsky in a rook ending against Botvinnik, on the ocasion of the
match-tournament for the absolute title of USSR champion, back in 1941. In
that game, too, 49.Ke2! caused Black's immediate resignation. The difference
is that here such elegance was not really necessary, because the simple
capture on c4 would have also sufficed for a win.} 1-0